000 nam a22 7a 4500
999 _c10320
_d10320
008 180213b ||||| |||| 00| 0 eng d
100 _aWilson, D C
_96281
245 _aThe torch of Life
260 _aChennai
_bELS Publication
_c2013